000 00246nam a2200097Ia 4500
001 899133
005 20250826184443.0
008 250824s9999 xx 000 0 und d
245 0 _aGÖKTÜRKLER
_cAHMET HALDUN TERZİOĞLU
260 _bPANAMA YAYINLARI
999 _c899133
_d899133